Geography Quiz

Random Geography or Blitz Quiz

'L' States Blitz Quiz Stats

 Plays Quiz Updated Jan 17, 2018

Score 0/14 Timer 01:00
15 Plays Today
% Correct
California
88.6%
Louisiana
85.6%
Alabama
83.9%
Florida
82.5%
Illinois
73.8%
Alaska
73.7%
North Carolina
67.1%
% Correct
South Carolina
65.9%
Colorado
63.9%
Delaware
62.9%
Pennsylvania
55%
Maryland
54.1%
Oklahoma
52.1%
Rhode Island
46.9%

You're not logged in!

Compare scores with friends on all Sporcle quizzes.
OR
Log In

You Might Also Like...

Show Comments

Extras

Top Quizzes Today


Score Distribution

Your Account Isn't Verified!

In order to create a playlist on Sporcle, you need to verify the email address you used during registration. Go to your Sporcle Settings to finish the process.

Report this User

Report this user for behavior that violates our Community Guidelines.

Details: